|
|
|
|
| LEADER |
01258naa a2200253 i 4500 |
| 001 |
acta45941 |
| 005 |
20230609082911.0 |
| 008 |
170623s1979 hu o 1|| hun d |
| 040 |
|
|
|a SZTE Egyetemi Kiadványok Repozitórium
|b hun
|
| 041 |
|
|
|a hun
|
| 100 |
1 |
|
|a Simon Pál
|
| 245 |
1 |
3 |
|a Az egészségügyi szolgálat irányítását segítő számítógépes információs rendszer
|h [elektronikus dokumentum] /
|c Simon Pál
|
| 260 |
|
|
|c 1979
|
| 300 |
|
|
|a 201-208
|
| 490 |
0 |
|
|a Számítástechnikai és kibernetikai módszerek alkalmazása az orvostudományban és a biológiában
|v 9
|
| 650 |
|
4 |
|a Természettudományok
|
| 650 |
|
4 |
|a Számítás- és információtudomány
|
| 650 |
|
4 |
|a Orvos- és egészségtudomány
|
| 650 |
|
4 |
|a Egészségtudományok
|
| 695 |
|
|
|a Számítógép alkalmazása - orvostudomány, Informatika - orvosi, Adatfeldolgozás - információrendszer, Információs rendszer, Egészségügy - Magyarország - 20. sz.
|
| 700 |
0 |
1 |
|a Németh Károly
|e aut
|
| 700 |
0 |
1 |
|a Gyenei Mária
|e aut
|
| 711 |
|
|
|a Számítástechnikai és kibernetikai módszerek alkalmazása az orvostudományban és a biológiában
|c Szeged
|d 1978. december 4-6.
|
| 856 |
4 |
0 |
|u http://acta.bibl.u-szeged.hu/45941/1/szamtech_orvost_koll_009_201-208.pdf
|z Dokumentum-elérés
|